Easy hiragana : First steps to basic Japanese writing

Beginning This step-by-step guide to hiragana includes writing models by award-winning Japanese calligraphers, concise explanations, and numerous exercises to improve students' writing style, build vocabulary, improve pronunciation, and increase knowledge of Japanese language structures, counte...

Descrizione completa

Salvato in:
Dettagli Bibliografici
Autore principale: Kaneda, Fujihiko
Natura: Libro
Lingua:Undetermined
Pubblicazione: Tokyo Yohan Publications 1988
Soggetti:
Tags: Aggiungi Tag
Nessun Tag, puoi essere il primo ad aggiungerne! !
Thư viện lưu trữ: Trung tâm Học liệu Trường Đại học Cần Thơ
LEADER 00877nam a2200217Ia 4500
001 CTU_110260
008 210402s9999 xx 000 0 und d
082 |a 495.6 
082 |b K16 
100 |a Kaneda, Fujihiko 
245 0 |a Easy hiragana : 
245 0 |b First steps to basic Japanese writing 
245 0 |c Fujihiko Kaneda, Rika Samidori 
260 |a Tokyo 
260 |b Yohan Publications 
260 |c 1988 
520 |a Beginning This step-by-step guide to hiragana includes writing models by award-winning Japanese calligraphers, concise explanations, and numerous exercises to improve students' writing style, build vocabulary, improve pronunciation, and increase knowledge of Japanese language structures, counters, and punctuation. 
650 |a Japanese 
650 |x Writing 
904 |i Hiếu 
980 |a Trung tâm Học liệu Trường Đại học Cần Thơ